Latin America : (Record no. 23521)
[ view plain ]
| 000 -LEADER | |
|---|---|
| fixed length control field | 00742nam a22002177a 4500 |
| 001 - CONTROL NUMBER | |
| control field | 23521 |
| 003 - CONTROL NUMBER IDENTIFIER | |
| rucl marc code | BD-RjUL |
| 005 - DATE AND TIME OF LATEST TRANSACTION | |
| control field | 20211209000935.0 |
| 008 - FIXED-LENGTH DATA ELEMENTS--GENERAL INFORMATION | |
| fixed length control field | 140311s1966 nyu||||| |||| 001 0 eng d |
| 035 ## - SYSTEM CONTROL NUMBER | |
| System control number | (BD-RjUL)23586 |
| 040 ## - CATALOGING SOURCE | |
| Original cataloging agency | BD-RjUL |
| Language of cataloging | eng |
| Transcribing agency | BD-RjUL |
| Modifying agency | BD-RjUL |
| 041 ## - LANGUAGE CODE | |
| Language code of text/sound track or separate title | eng |
| 082 04 - DEWEY DECIMAL CLASSIFICATION NUMBER | |
| Classification number | 330.98 |
| Author mark and year | PAL 1966 |
| Edition number | 23 |
| 110 2# - MAIN ENTRY--CORPORATE NAME | |
| Corporate name or jurisdiction name as entry element | Pan American Union |
| 9 (RLIN) | 161401 |
| 245 ## - TITLE STATEMENT | |
| Title | Latin America : |
| Remainder of title | problems and perspectives of economic development, 1963-1964 / |
| Statement of responsibility, etc. | Pan American Union |
| 260 ## - PUBLICATION, DISTRIBUTION, ETC. (IMPRINT) | |
| Place of publication, distribution, etc. | Baltimore : |
| Name of publisher, distributor, etc. | Published for the Organization of American States by Johns Hopkins Press, |
| Date of publication, distribution, etc. | c1966. |
| 300 ## - PHYSICAL DESCRIPTION | |
| Pagination | 242 p. : |
| Illustrations | ill. ; |
| Size | 24 cm. |
| 504 ## - BIBLIOGRAPHY, ETC. NOTE | |
| Bibliography, etc | Includes index. |
| 651 ## - SUBJECT ADDED ENTRY--GEOGRAPHIC NAME | |
| Geographic name | Latin America |
| Form subdivision | Economic conditions. |
| 9 (RLIN) | 72398 |
| 942 ## - ADDED ENTRY ELEMENTS (KOHA) | |
| Source of classification or shelving scheme | Dewey Decimal Classification |
| Koha item type | Books |
| Lost status | Source of classification or shelving scheme | Damaged status | Not for loan | Collection code | Permanent Location | Current Location | Shelving location | Date acquired | Source of acquisition | Cost, normal purchase price | Total Checkouts | Full call number | Date last seen | Copy number | Koha item type |
|---|---|---|---|---|---|---|---|---|---|---|---|---|---|---|---|
| Dewey Decimal Classification | Non-fiction | Central Library, University of Rajshahi | Central Library, University of Rajshahi | Reading Room | 24/01/1969 | Zeitlinger | 62.00 | 330.98 PAL 1966 | 11/03/2014 | C-1 | Books | ||||
| Dewey Decimal Classification | Non-fiction | Central Library, University of Rajshahi | Central Library, University of Rajshahi | 24/01/1964 | Zeitlinger | 62.00 | 330.98 PAL 1966 | 30/10/2016 | C-2 | Books |